<?xml version="1.0" encoding="UTF-8"?>
<record
    xmlns:xsi="http://www.w3.org/2001/XMLSchema-instance"
    xsi:schemaLocation="http://www.loc.gov/MARC21/slim http://www.loc.gov/standards/marcxml/schema/MARC21slim.xsd"
    xmlns="http://www.loc.gov/MARC21/slim">

  <leader>03784nam a22002897a 4500</leader>
  <controlfield tag="003">OSt</controlfield>
  <controlfield tag="005">20240920090443.0</controlfield>
  <controlfield tag="008">240918b2024    azuad||f |||| 001 0 eng d</controlfield>
  <datafield tag="020" ind1=" " ind2=" ">
    <subfield code="a">9780816553396 (Pasta dura)</subfield>
  </datafield>
  <datafield tag="040" ind1=" " ind2=" ">
    <subfield code="a">CHAP</subfield>
    <subfield code="c">CHAP</subfield>
    <subfield code="e">rda</subfield>
  </datafield>
  <datafield tag="082" ind1="0" ind2="0">
    <subfield code="2">22</subfield>
    <subfield code="a">577.240972</subfield>
    <subfield code="b">P64</subfield>
  </datafield>
  <datafield tag="100" ind1="1" ind2=" ">
    <subfield code="a">Pyne, Stephen J.</subfield>
    <subfield code="9">93093</subfield>
  </datafield>
  <datafield tag="245" ind1="1" ind2="0">
    <subfield code="a">Five suns:</subfield>
    <subfield code="b">a fire history of Mexico /</subfield>
    <subfield code="c">por Stephen J. Pyne</subfield>
  </datafield>
  <datafield tag="264" ind1=" " ind2="1">
    <subfield code="a">Tucson:</subfield>
    <subfield code="b">University of Arizona Press,</subfield>
    <subfield code="c">2024.</subfield>
  </datafield>
  <datafield tag="300" ind1=" " ind2=" ">
    <subfield code="a">417 p&#xE1;ginas:</subfield>
    <subfield code="b">Ilustraciones, cuadros, gr&#xE1;ficas</subfield>
  </datafield>
  <datafield tag="336" ind1=" " ind2=" ">
    <subfield code="2">rdacontent</subfield>
    <subfield code="a">texto</subfield>
    <subfield code="b">txt</subfield>
  </datafield>
  <datafield tag="337" ind1=" " ind2=" ">
    <subfield code="2">rdamedia</subfield>
    <subfield code="a">sin medio</subfield>
    <subfield code="b">n</subfield>
  </datafield>
  <datafield tag="338" ind1=" " ind2=" ">
    <subfield code="2">rdacarrier</subfield>
    <subfield code="a">volumen</subfield>
    <subfield code="b">nc</subfield>
  </datafield>
  <datafield tag="500" ind1=" " ind2=" ">
    <subfield code="a">Incluye &#xED;ndice y bibliograf&#xED;a</subfield>
  </datafield>
  <datafield tag="520" ind1="3" ind2=" ">
    <subfield code="a">A climate defined by wet and dry seasons, a mostly mountainous terrain, a biota prone to disturbances, a human geography characterized by a diversity of peoples all of whom rely on burning in one form or another: Mexico has ideal circumstances for fire, and those fires provide a unique perspective on its complex history. Narrating Mexico's evolution of fire through five eras, historian Stephen J. Pyne describes the pre-human, pre-Hispanic, colonial, industrializing (1880-1980), and contemporary (1980-2015) fire biography of this diverse and dynamic country. Creatively deploying the Aztec New Fire Ceremony and the "five suns" that it birthed, Pyne addresses the question, "Why does fire appear in Mexico the way it does?" Five Suns tells the saga through a pyric prism. Mexico has become one of the top ten "firepowers" in the world today through its fire suppression capabilities, fire research, and industrial combustion, but also by those continuing customary practices that have become increasingly significant to a world that suffers too much combustion and too little fire. Five Suns completes a North American fire-history trilogy written by Pyne over the past 40 years, complementing his histories of Canada and the United States.                                                                                                                             </subfield>
  </datafield>
  <datafield tag="520" ind1="3" ind2=" ">
    <subfield code="a">Un clima definido por estaciones h&#xFA;medas y secas, un terreno mayoritariamente monta&#xF1;oso, una biota propensa a perturbaciones, una geograf&#xED;a humana caracterizada por una diversidad de pueblos que dependen de la quema de una forma u otra: M&#xE9;xico tiene circunstancias ideales para el fuego, y esos incendios brindan una perspectiva &#xFA;nica sobre su compleja historia. Al narrar la evoluci&#xF3;n del fuego en M&#xE9;xico a lo largo de cinco eras, el historiador Stephen J. Pyne describe la biograf&#xED;a del fuego prehumano, prehisp&#xE1;nico, colonial, industrializador (1880-1980) y contempor&#xE1;neo (1980-2015) de este pa&#xED;s diverso y din&#xE1;mico. Al desplegar creativamente la Ceremonia del Fuego Nuevo Azteca y los "cinco soles" que la dieron origen, Pyne aborda la pregunta: "&#xBF;Por qu&#xE9; el fuego aparece en M&#xE9;xico de la manera en que lo hace?". Cinco Soles cuenta la saga a trav&#xE9;s de un prisma p&#xED;rico. M&#xE9;xico se ha convertido en una de las diez principales "potencias de fuego" del mundo actual gracias a su capacidad de extinci&#xF3;n de incendios, su investigaci&#xF3;n sobre incendios y su combusti&#xF3;n industrial, pero tambi&#xE9;n por la continuidad de pr&#xE1;cticas consuetudinarias que han adquirido cada vez mayor importancia en un mundo que sufre demasiada combusti&#xF3;n y muy poco fuego. Five Suns completa una trilog&#xED;a sobre la historia de los incendios en Am&#xE9;rica del Norte escrita por Pyne durante los &#xFA;ltimos 40 a&#xF1;os, que complementa sus historias de Canad&#xE1; y Estados Unidos.</subfield>
  </datafield>
  <datafield tag="650" ind1=" " ind2="4">
    <subfield code="9">189619</subfield>
    <subfield code="a">Incendios</subfield>
    <subfield code="z">M&#xE9;xico</subfield>
    <subfield code="x">Historia</subfield>
  </datafield>
  <datafield tag="650" ind1=" " ind2="4">
    <subfield code="9">189620</subfield>
    <subfield code="a">Incendios forestales</subfield>
    <subfield code="z">M&#xE9;xico</subfield>
    <subfield code="x">Historia</subfield>
  </datafield>
  <datafield tag="650" ind1=" " ind2="4">
    <subfield code="9">189621</subfield>
    <subfield code="a">Ecolog&#xED;a del fuego</subfield>
    <subfield code="z">M&#xE9;xico</subfield>
  </datafield>
  <datafield tag="650" ind1=" " ind2="4">
    <subfield code="9">57523</subfield>
    <subfield code="a">Incendios</subfield>
    <subfield code="x">Control</subfield>
  </datafield>
  <datafield tag="942" ind1=" " ind2=" ">
    <subfield code="2">ddc</subfield>
    <subfield code="c">LIBRO</subfield>
  </datafield>
  <datafield tag="999" ind1=" " ind2=" ">
    <subfield code="c">220172</subfield>
    <subfield code="d">220172</subfield>
  </datafield>
  <datafield tag="952" ind1=" " ind2=" ">
    <subfield code="0">0</subfield>
    <subfield code="1">0</subfield>
    <subfield code="2">ddc</subfield>
    <subfield code="4">0</subfield>
    <subfield code="5">2</subfield>
    <subfield code="7">0</subfield>
    <subfield code="8">GRAL</subfield>
    <subfield code="a">BC</subfield>
    <subfield code="b">BC</subfield>
    <subfield code="c">PA_GRAL</subfield>
    <subfield code="d">2024-09-18</subfield>
    <subfield code="l">0</subfield>
    <subfield code="o">577.240972 P64</subfield>
    <subfield code="p">33724002590869</subfield>
    <subfield code="r">2024-09-18 15:02:30</subfield>
    <subfield code="w">2024-09-18</subfield>
    <subfield code="y">LIBRO</subfield>
  </datafield>
</record>
